Statistics for Who sang these songs with the name of a CITY in the title

Click here to take the quiz!

General Stats

  • This quiz has been taken 31 times
  • The average score is 8 of 21

Answer Stats

HintAnswer% Correct
Folsom Prison BluesJohnny Cash
84%
London CallingThe Clash
81%
Philadelphia FreedomElton John
71%
RioDuran Duran
61%
Witchita Lineman (original artist)Glen Campbell
58%
Fairytale of New YorkThe Pogues Featuring Kirsty MaColl
58%
Viva Las Vegas (original artist)Elvis Presley
55%
Do You Know the Way to San Jose (original artist)Dionne Warwick
52%
L.A. WomenThe Doors
45%
ViennaUltravox
39%
Belfast ChildSimple Minds
32%
Miami Vice ThemeJan Hammer
29%
Night Boat to CairoMadness
29%
San Francisco (Be Sure to Wear Flowers in Your Hair)Scott Mckenzie
29%
Buffalo GalsMalcolm McLaren
23%
AmarilloTony Christie
23%
Day Trip to BangorFiddlers Dram
19%
All the Way From MemphisMott the Hoople
19%
Going Down to LiverpoolThe Bangles
13%
I'm Throwing My Arms Around ParisMorrissey
3%
TupeloNick Cave and the Bad Seeds
3%

Score Distribution

Percentile by Number Answered

Percent of People with Each Score

Your Score History

You have not taken this quiz